| 000 | 00869nam a2200253 i 4500 | ||
|---|---|---|---|
| 001 | bg | ||
| 245 | 0 | 0 |
_aWspółczesne stosunki międzynarodowe : _bwybór tekstów źródłowych z komentarzem / _cpod red. Teresy Łoś-Nowak ; [wybór i oprac. Teresa Kegel et al.]. |
| 250 | _a[Wyd. 2]. | ||
| 260 |
_aWrocław : _bWydawnictwo Uniwersytetu Wrocławskiego, _c1997. |
||
| 300 |
_a182 s. ; _c24 cm. |
||
| 650 | 9 |
_aPolityka międzynarodowa _yod 1945 r. |
|
| 650 | 9 |
_aUmowy międzynarodowe _yod 1945 r. |
|
| 651 | 9 |
_aPolska _xpolityka _yod 1989 r. |
|
| 655 | _aŹródła historyczne | ||
| 700 | 1 |
_aŁOŚ-NOWAK, Teresa. _eRed. |
|
| 700 | 1 |
_aKEGEL, Teresa. _eWybór |
|
| 020 | _a8322916841 | ||
| 040 | _cBPK | ||
| 041 | 0 | _apl | |
| 080 | _a341.24(094):327(100+438))"1945/..." | ||
| 920 | _a83-229-1684-1 | ||
| 942 | _cKS | ||
| 008 | s pl f |000 0 pol | ||
| 999 |
_c38249 _d38249 |
||
| 856 |
_uhttp://koha.tu.koszalin.pl/cgi-bin/koha/opac-detail.pl?biblionumber=38249 _yKatalog online BPK |
||